000 00513nam a2200133Ia 4500
008 220615s9999||||xx |||||||||||||| ||und||
020 _a9780260000000
100 _aSun, Yixian
245 0 _aCertifying China
_bThe Rise and Limits of Transnational Sustainability Governance in Emerging Economies
546 _aEnglish[eng]
650 _aTransnational governance||sustainability||eco-certification||China||agrifood chains||non-state actors
856 _uhttps://doi.org/10.7551/mitpress/14192.001.0001
942 _cEB
999 _c7611
_d7611